zpět

Detail výsledku týmu

Bar U Souseda, Plzeň

Datum a čas kvízu

32.5 Celkem bodů Celkový počet nahraných bodů na tomto kvízu bez doplňovacích otázek.
1. Pořadí na kvízu Konečné umístění týmu na tomto kvízu.

Zaznamenané odpovědi

# Otázka Odpověď Body Výsledky
1. Zlidovělý výraz Andreje Babiše... 1
2. "Filosof a revolucionář Karl M... 1
3. Unikátní hliněnou figurku z pr... 1
4. Desítky nových "hackerů" ročně... 1
5. V pátek bylo zahájeno 82. mist... 1
6. Košile patří k základním typům... 1
7. Dámská obdoba košile se nejčas... 1
8. Jak se jmenuje tento politik,... 1
9. Balada Svatební košile je souč... 1
10. Polotriko, zkráceně polo, je j... 1